Κατάλογος Βιβλιοθηκών Mediterranean College

MXL Mostra Internazionale del Cinema (Record no. 3982)

MARC details
000 -LEADER
fixed length control field 01381cam a22002054a 4500
005 - ΗΜΕΡΟΜΗΝΙΑ ΚΑΙ ΩΡΑ ΤΕΛΕΥΤΑΙΑΣ ΕΝΗΜΕΡΩΣΗΣ
Πεδίο ελέγχου 20250605164131.0
008 - FIXED-LENGTH DATA ELEMENTS--GENERAL INFORMATION
Πεδίο ελέγχου σταθερού μήκους 250528s ||||||||||||||||||||||||d
035 ## - SYSTEM CONTROL NUMBER
System control number 18635
020 ## - ISBN
ISBN 8820803097
040 ## - ΠΗΓΗ ΚΑΤΑΛΟΓΟΓΡΑΦΗΣΗΣ
Φορέας πρωτότυπης καταλογογράφησης MC Athens Campus Library
Γλώσσα καταλογογράφησης Ελληνικά, Μοντέρνα (1453-)
Modifying agency MC Athens Campus Library
Κανόνες περιγραφικής καταλογογράφησης AACR2
245 1# - ΤΙΤΛΟΣ ΚΑΙ ΔΗΛΩΣΗ ΥΠΕΥΘΥΝΟΤΗΤΑΣ
Τίτλος MXL Mostra Internazionale del Cinema
260 ## - PUBLICATION, DISTRIBUTION, ETC.
Name of publisher, distributor, etc. La Biennale Di Venezia,
Date of publication, distribution, etc. 1983
300 ## - PHYSICAL DESCRIPTION
Extent 340
505 0# - FORMATTED CONTENTS NOTE
Formatted contents note Presentazione, Introduzione, Venezia XL - Sezione Competitiva, Venezia Giovani - Sezione Competitiva, Venezia Giorno - Sezione Non Competitiva, Venezia Notte - Sezione Non Competitiva, Venezia Giorno - Programmi Specialisezione non Competitiva, Venezia De Sica - Sezione non Competitiva, Giornata Scuole - Sezione non Competitiva, La Giuria, Venezia TV, Venezia Ieri, Michelangelo Antonioni - Leone d'Oro alla Carrira Per Il 1983.
520 ## - SUMMARY, ETC.
Summary, etc. Presentazione, Introduzione, Venezia XL - Sezione Competitiva, Venezia Giovani - Sezione Competitiva, Venezia Giorno - Sezione Non Competitiva, Venezia Notte - Sezione Non Competitiva, Venezia Giorno - Programmi Specialisezione non Competitiva, Venezia De Sica - Sezione non Competitiva, Giornata Scuole - Sezione non Competitiva, La Giuria, Venezia TV, Venezia Ieri, Michelangelo Antonioni - Leone d'Oro alla Carrira Per Il 1983.
710 2# - ΠΡΟΣΘΕΤΗ ΑΝΑΓΡΑΦΗ--ΣΥΛΛΟΓΙΚΟ ΟΡΓΑΝΟ
Corporate name or jurisdiction name as entry element La Biennale Settore Cinema E Spettacolo Televiso
9 (RLIN) 9761
942 ## - ADDED ENTRY ELEMENTS (KOHA)
Koha item type Books
Holdings
Τύπος τεκμηρίου Βιβλιοθήκη Τρέχουσα τοποθεσία Barcode Αριθμός εισαγωγής Ημερομηνία απόκτησης Ταξιθετικό σύμβολο Αριθμός αντιτύπου Κατάσταση απόσυρσης Κατάσταση χαμένου Κατάσταση κατεστραμμένου Μη δανεισμός Σύνολο δανεισμών Ημερομηνία τελευταίας εμφάνισης Η τιμή ισχύει από
Books MC Athens Campus Library MC Athens Campus Library 9780000039811 3540 05/06/2025 778.53 VEN 1           05/06/2025 05/06/2025

MC Athens Campus Library
Πατησίων 94 & Κοδριγκτώνος 13, 104 34
Πελλήνης 8 & Πατησίων 107, 112 51
Τ: +30 210 8899600

MC Thessaloniki Campus Library
Ίωνος Δραγούμη 21, 54625 | Ίωνος Δραγούμη 15, 54625
Τ: +30 2310 287779 – Τ: +30 2314 440300